Educación del carácter y de la afectividad del niño / (Record no. 188775)

MARC details
000 -LEADER
campo de control de longitud fija 00695nam a2200217 i 4500
001 - NÚMERO DE CONTROL
campo de control 188775
003 - IDENTIFICADOR DE NÚMERO DE CONTROL
campo de control ES-MaACL
005 - FECHA Y HORA DE LA ÚLTIMA TRANSACCIÓN
campo de control 20230906223311.0
007 - CAMPO FIJO DE DESCRIPCIÓN FÍSICA--INFORMACIÓN GENERAL
campo de control de longitud fija t|
008 - DATOS DE LONGITUD FIJA--INFORMACIÓN GENERAL
campo de control de longitud fija 190214s1972 sp ||||1| spa d
100 0# - ENTRADA PRINCIPAL--NOMBRE DE PERSONA
Nombre de persona Mauco, Georges.
9 (RLIN) 79180
245 14 - MENCIÓN DEL TÍTULO
Título Educación del carácter y de la afectividad del niño /
Mención de responsabilidad, etc. Georges Mauco ; [versión... de Mercedes Lloret].
260 ## - PUBLICACIÓN, DISTRIBUCIÓN, ETC.
Lugar de publicación, distribución, etc. Barcelona :
Nombre del editor, distribuidor, etc. Nova Terra,
Fecha de publicación, distribución, etc. [1972]
300 ## - DESCRIPCIÓN FÍSICA
Extensión 324p. ;
Dimensiones 20 cm.
490 1# - MENCIÓN DE SERIE
Mención de serie Colección "Navidad" ;
Designación de volumen o secuencia 44
650 #4 - PUNTO DE ACCESO ADICIONAL DE MATERIA--TÉRMINO DE MATERIA
Término de materia o nombre geográfico como elemento de entrada Emociones en niños.
9 (RLIN) 166232
700 1# - ENTRADA AGREGADA--NOMBRE PERSONAL
Nombre de persona Lloret, Mercedes.
9 (RLIN) 166244
830 0# - PUNTO DE ACCESO ADICIONAL DE SERIE-TÍTULO UNIFORME
Título uniforme Colección "Navidad" ;
Designación de volumen o secuencia 44
9 (RLIN) 181795
852 ## - LOCALIZACIÓN
Ubicación ES-MaACL
Número de control de estantería P-474-Ter-42
Holdings
Estatus retirado Estado de pérdida Estado de daño No para préstamo Biblioteca de origen Biblioteca actual Ubicación en estantería Fecha de adquisición Fuente de adquisición Total de préstamos Signatura topográfica completa Código de barras Visto por última vez Precio de reemplazo Tipo de ítem Koha
        Biblioteca del Ateneo de Madrid Biblioteca del Ateneo de Madrid Depósito 2 14/02/2019     P-474-Ter-42 1199905 23/02/2023 23/02/2023 Libro impreso